Pokémon Used by Elite Four and Champions - Statistics

General Stats
  • This quiz has been taken 719 times
    345 since last reset
  • The average score is 262 of 342
Answer Stats
Trainer Game Type Pokémon % Correct
Lance GSC Fire/Flying Charizard
95%
Blue RB Fire/Flying Charizard
95%
Leon SwSh Fire/Flying Charizard
95%
Lance HGSS Dragon/Ground Garchomp
95%
Cynthia DPP Dragon/Ground Garchomp
95%
Lorelei RBY Water/Ice Lapras
95%
Iris BW2 Water/Ice Lapras
95%
Lance RBY Dragon/Flying Dragonite
94%
Hassel SV Dragon/Flying Dragonite
94%
Bruno RBY Fighting Machamp
94%
Lance RBY Rock/Flying Aerodactyl
93%
Steven ORAS Rock/Flying Aerodactyl
93%
Agatha RBY Ghost/Poison Gengar
93%
Karen GSC Ghost/Poison Gengar
93%
Shauntal BW2 Ghost/Poison Gengar
93%
Lance RBY Water/Flying Gyarados
93%
Blue RB Water/Flying Gyarados
93%
Wallace E Water/Flying Gyarados
93%
Siebold XY Water/Flying Gyarados
93%
Lorelei RBY Ice/Psychic Jynx
93%
Will GSC Ice/Psychic Jynx
93%
Bruno HGSS Fighting/Steel Lucario
93%
Cynthia DPP Fighting/Steel Lucario
93%
Marshal BW2 Fighting/Steel Lucario
93%
Bruno LGPE Rock/Electric Alolan Golem
92%
Olivia SM Rock/Electric Alolan Golem
92%
Bruno RBY Fighting Hitmonchan
92%
Bruno RBY Fighting Hitmonlee
92%
Bruno RBY Rock/Ground Onix
92%
Blue RB Normal/Flying Pidgeot
92%
Trace LGPE Normal/Flying Pidgeot
92%
Bruno FRLG Steel/Ground Steelix
92%
Flint DP Steel/Ground Steelix
92%
Blue RB Water Blastoise
91%
Agatha FRLG Poison/Flying Crobat
91%
Koga GSC Poison/Flying Crobat
91%
Kahili SM Poison/Flying Crobat
91%
Will HGSS Psychic/Fairy Gardevoir
91%
Diantha XY Psychic/Fairy Gardevoir
91%
Bertha DPP Rock/Ground Golem
91%
Agatha RBY Ghost/Poison Haunter
91%
Lorelei RBY Water/Ice Cloyster
90%
Blue Y Water/Ice Cloyster
90%
Lance RBY Dragon Dragonair
90%
Lance FRLG Water/Dragon Kingdra
90%
Drake E Water/Dragon Kingdra
90%
Lance HGSS Dragon/Flying Salamence
90%
Drake RSE Dragon/Flying Salamence
90%
Iris BW2 Dragon/Flying Salamence
90%
Blue RB Grass/Poison Venusaur
90%
Lorelei RBY Water/Ice Dewgong
89%
Bruno GSC Fighting Hitmontop
89%
Steven RSE Steel/Psychic Metagross
89%
Caitlin BW Steel/Psychic Metagross
89%
Molayne USUM Steel/Psychic Metagross
89%
Lorelei RBY Water/Psychic Slowbro
89%
Trace LGPE Water/Psychic Slowbro
89%
Will GSC Water/Psychic Slowbro
89%
Lucian BDSP Water/Psychic Slowbro
89%
Blue RBY Psychic Alakazam
88%
Lucian DPP Psychic Alakazam
88%
Caitlin BW2 Psychic Alakazam
88%
Blue RBY Grass/Psychic Exeggutor
88%
Will GSC Grass/Psychic Exeggutor
88%
Karen GSC Dark/Fire Houndoom
88%
Flint Pt Dark/Fire Houndoom
88%
Grimsley BW2 Dark/Fire Houndoom
88%
Bruno LGPE Water/Fighting Poliwrath
88%
Hala SM Water/Fighting Poliwrath
88%
Phoebe ORAS Ghost/Fire Chandelure
87%
Shauntal BW Ghost/Fire Chandelure
87%
Malva XY Ghost/Fire Chandelure
87%
Agatha RBY Poison/Flying Golbat
87%
Wallace E Water Milotic
87%
Cynthia DPP Water Milotic
87%
Steven RSE Steel/Flying Skarmory
87%
Kahili SM Steel/Flying Skarmory
87%
Karen HGSS Ghost/Dark Spiritomb
87%
Cynthia DPP Ghost/Dark Spiritomb
87%
Lance LGPE Grass/Dragon Alolan Exeggutor
86%
Hau USUM Electric/Psychic Alolan Raichu
86%
Blue RB Fire Arcanine
86%
Flint BDSP Fire Arcanine
86%
Blue Y Fire Flareon
86%
Flint Pt Fire Flareon
86%
Hau USUM Fire Flareon
86%
Drake RSE Ground/Dragon Flygon
86%
Aaron BDSP Ground/Dragon Flygon
86%
Glacia ORAS Ice/Ghost Froslass
86%
Shauntal BW Ice/Ghost Froslass
86%
Acerola SM Ice/Ghost Froslass
86%
Trace LGE Electric Raichu
86%
Glacia RSE Ice Glalie
85%
Blue FRLG Bug/Fighting Heracross
85%
Aaron DPP Bug/Fighting Heracross
85%
Koga GSC Poison Muk
85%
Blue RB Ground/Rock Rhydon
85%
Blue Y Water Vaporeon
85%
Hau USUM Water Vaporeon
85%
Trace LGPE Grass/Poison Vileplume
85%
Karen GSC Grass/Poison Vileplume
85%
Karen HGSS Dark/Ice Weavile
85%
Steven RSE Steel/Rock Aggron
84%
Iris BW2 Steel/Rock Aggron
84%
Will HGSS Steel/Psychic Bronzong
84%
Lucian DPP Steel/Psychic Bronzong
84%
Caitlin BW Steel/Psychic Bronzong
84%
Poppy SV Steel/Psychic Bronzong
84%
Drake ORAS Dragon Haxorus
84%
Iris BW2 Dragon Haxorus
84%
Leon SwSh Dragon Haxorus
84%
Hassel SV Dragon Haxorus
84%
Karen HGSS Dark/Flying Honchkrow
84%
Grimsley BW2 Dark/Flying Honchkrow
84%
Blue Y Electric Jolteon
84%
Trace LGP Electric Jolteon
84%
Trace LGPE Fire Rapidash
84%
Flint DPP Fire Rapidash
84%
Sidney RS Water/Dark Sharpedo
84%
Grimsley BW Water/Dark Sharpedo
84%
Lance HGSS Dragon/Flying Altaria
83%
Drake RSE Dragon/Flying Altaria
83%
Drasna XY Dragon/Flying Altaria
83%
Larry SV Dragon/Flying Altaria
83%
Steven RSE Rock/Grass Cradily
83%
Olivia USUM Rock/Grass Cradily
83%
Lucian Pt Psychic/Fighting Gallade
83%
Caitlin BW2 Psychic/Fighting Gallade
83%
Cynthia DPP Grass/Poison Roserade
83%
Aaron Pt Bug/Steel Scizor
83%
Wikstrom XY Bug/Steel Scizor
83%
Cynthia Pt Fairy/Flying Togekiss
83%
Koga HGSS Poison/Fighting Toxicroak
83%
Marshal BW Poison/Fighting Toxicroak
83%
Agatha RBY Poison Arbok
82%
Steven RSE Rock/Bug Armaldo
82%
Olivia USUM Rock/Bug Armaldo
82%
Steven RSE Ground/Psychic Claydol
82%
Phoebe ORAS Ghost/Flying Drifblim
82%
Flint DP Ghost/Flying Drifblim
82%
Shauntal BW Ghost/Flying Drifblim
82%
Acerola SM Ghost/Flying Drifblim
82%
Alder BW Dragon Druddigon
82%
Iris BW2 Dragon Druddigon
82%
Drasna XY Dragon Druddigon
82%
Iris BW2 Dark/Dragon Hydreigon
82%
Flint DPP Fire/Fighting Infernape
82%
Wallace E Water/Grass Ludicolo
82%
Blue Y Electric/Steel Magneton
82%
Lorelei FRLG Ice/Ground Piloswine
82%
Phoebe RSE Dark/Ghost Sableye
82%
Acerola SM Dark/Ghost Sableye
82%
Blue FRLG Rock/Dark Tyranitar
82%
Grimsley BW2 Rock/Dark Tyranitar
82%
Karen GSC Dark Umbreon
82%
Agatha LGPE Fire/Ghost Alolan Marowak
81%
Grimsley BW Dark/Steel Bisharp
81%
Molayne USUM Dark/Steel Bisharp
81%
Flint Pt Fire Magmortar
81%
Trace LGPE Ground Marowak
81%
Lucian DP Fighting/Psychic Medicham
81%
Marshal BW2 Fighting/Psychic Medicham
81%
Marshal BW2 Fighting Medicham
81%
Will GSC Flying/Psychic Xatu
81%
Kukui SM Ice/Flying Alolan Ninetales
80%
Drake ORAS Poison/Dragon Dragalge
80%
Drasna XY Poison/Dragon Dragalge
80%
Hassel SV Poison/Dragon Dragalge
80%
Kukui SM Electric/Steel Magnezone
80%
Molayne USUM Electric/Steel Magnezone
80%
Poppy SV Electric/Steel Magnezone
80%
Bertha BDSP Ice/Ground Mamoswine
80%
Blue Y Fire Ninetales
80%
Flint BDSP Fire Ninetales
80%
Bertha Pt Ground/Rock Rhyperior
80%
Leon SwSh Ground/Rock Rhyperior
80%
Glacia RSE Ice/Water Walrein
80%
Wallace E Ground/Water Whiscash
80%
Bertha DPP Water/Ground Whiscash
80%
Rika SV Water/Ground Whiscash
80%
Glacia ORAS Grass/Ice Abomasnow
79%
Koga GSC Bug/Poison Ariados
79%
Phoebe RSE Ghost Banette
79%
Shauntal BW2 Ghost Banette
79%
Acerola USUM Ghost Banette
79%
Aaron DPP Poison/Dark Drapion
79%
Grimsley BW Poison/Dark Drapion
79%
Phoebe ORAS Ghost Dusknoir
79%
Koga GSC Bug/Steel Forretress
79%
Cynthia DP Water/Ground Gastrodon
79%
Marshal BW Fighting Conkeldurr
78%
Alder BW2 Fighting Conkeldurr
78%
Phoebe RSE Ghost Dusclops
78%
Diantha XY Fighting/Flying Hawlucha
78%
Kahili USUM Fighting/Flying Hawlucha
78%
Marshal BW Fighting Sawk
78%
Sidney RSE Grass/Dark Shiftry
78%
Agatha LGPE Poison Weezing
78%
Lorelei LGPE Ice/Steel Alolan Sandslash
77%
Sidney RSE Grass/Dark Cacturne
77%
Wallace E Water/Poison Tentacruel
77%
Diantha XY Rock/Dragon Tyrantrum
77%
Steven ORAS Rock/Fairy Carbink
76%
Olivia SM Rock/Fairy Carbink
76%
Diantha XY Dragon Goodra
76%
Grimsley BW Ground/Dark Krookodile
76%
Agatha FRLG Ghost Misdreavus
76%
Karen GSC Dark/Flying Murkrow
76%
Blue Y Ground Sandslash
76%
Sidney ORAS Dark/Fighting Scrafty
76%
Grimsley BW Dark/Fighting Scrafty
76%
Marshal BW Fighting Throh
76%
Alder BW Bug/Fire Volcarona
76%
Wikstrom XY Steel/Ghost Aegislash
75%
Leon SwSh Steel/Ghost Aegislash
75%
Bertha DPP Ground Hippowdon
75%
Phoebe ORAS Ghost Mismagius
75%
Shauntal BW2 Ghost Mismagius
75%
Malva XY Fire/Flying Talonflame
75%
Koga GSC Bug/Poison Venomoth
75%
Sidney E Water/Dark Crawdaunt
74%
Bertha Pt Ground/Flying Gliscor
74%
Shauntal BW Ground/Ghost Golurk
74%
Sidney RSE Dark Mightyena
74%
Shauntal BW Water/Ghost Jellicent
73%
Lucian DPP Psychic/Fairy Mr. Mime
73%
Drasna XY Flying/Dragon Noivern
73%
Hau USUM Flying/Dragon Noivern
73%
Hassel SV Flying/Dragon Noivern
73%
Malva XY Fire/Normal Pyroar
73%
Karen HGSS Dark Absol
72%
Sidney RSE Dark Absol
72%
Grimsley BW2 Dark Absol
72%
Glacia ORAS Ice Beartic
72%
Marshal BW Grass/Fighting Breloom
72%
Leon SwSh Dragon/Ghost Dragapult
72%
Geeta SV Dragon/Ghost Dragapult
72%
Caitlin BW Psychic Gothitelle
72%
Wikstrom XY Steel/Fairy Klefki
72%
Molayne USUM Steel/Fairy Klefki
72%
Aaron Pt Bug/Flying Yanmega
72%
Cynthia BW Normal/Flying Braviary
71%
Alder BW2 Normal/Flying Braviary
71%
Kahili USUM Normal/Flying Braviary
71%
Kukui SM Normal/Flying Braviary
71%
Bertha DP Water/Ground Quagsire
71%
Caitlin BW Psychic Reuniclus
71%
Glacia RSE Ice/Water Sealeo
71%
Iris BW2 Rock/Flying Archeops
70%
Diantha XY Rock/Ice Aurorus
70%
Shauntal BW Ghost Cofagrigus
70%
Hala SM Fighting/Ice Crabominable
70%
Hau USUM Fighting/Ice Crabominable
70%
Cynthia BW2 Ice Glaceon
70%
Diantha XY Ghost/Grass Gourgeist
70%
Bruno HGSS Fighting Hariyama
70%
Hala SM Fighting Hariyama
70%
Drake RSE Dragon Shelgon
70%
Caitlin BW Psychic/Flying Sigilyph
70%
Siebold XY Water/Psychic Starmie
70%
Glacia ORAS Ice Vanilluxe
70%
Alder BW Ice Vanilluxe
70%
Aaron DPP Bug/Flying Vespiquen
70%
Alder BW Bug Accelgor
69%
Aaron DP Bug/Poison Dustox
69%
Lucian Pt Psychic Espeon
69%
Olivia SM Rock Lycanroc
69%
Kukui SM Rock Lycanroc
69%
Lucian DP Normal/Psychic Girafarig
68%
Kukui SM Fire/Dark Incineroar
68%
Hau USUM Fire/Dark Incineroar
68%
Hau USUM Grass Leafeon
68%
Kukui SM Grass/Ghost Decidueye
67%
Hau USUM Grass/Ghost Decidueye
67%
Flint DP Normal Lopunny
67%
Marshal BW Fighting Mienshao
67%
Caitlin BW Psychic Musharna
67%
Koga HGSS Poison/Dark Skuntank
67%
Aaron DP Bug/Flying Beautifly
66%
Alder BW Bug/Steel Escavalier
66%
Grimsley BW Dark Liepard
66%
Sidney ORAS Dark/Flying Mandibuzz
66%
Kahili SM Dark/Flying Mandibuzz
66%
Kukui SM Water/Fairy Primarina
66%
Hau USUM Water/Fairy Primarina
66%
Leon SwSh Grass Rillaboom
66%
Larry SV Normal/Flying Staraptor
66%
Wallace E Water Wailord
66%
Kukui SM Normal Snorlax
65%
Leon SwSh Fire Cinderace
64%
Siebold XY Water Clawitzer
64%
Leon SwSh Water Inteleon
64%
Hala SM Fighting Primeape
64%
Alder BW Normal Bouffalant
63%
Cynthia BW Electric Eelektross
63%
Leon SwSh Ice/Psychic Mr. Rime
63%
Bertha BDSP Poison/Ground Nidoking
63%
Kahili SM Normal/Flying Toucannon
62%
Lance LGPE Water Seadra
61%
Kahili SM Fire/Flying Oricorio
60%
Larry SV Electric/Flying Oricorio
60%
Acerola SM Ghost/Ground Palossand
60%
Siebold XY Rock/Water Barbaracle
59%
Hassel SV Dragon/Ice Baxcalibur
59%
Hala SM Normal/Fighting Bewear
59%
Rika SV Fire/Ground Camerupt
59%
Geeta SV Rock/Poison Glimmora
59%
Geeta SV Dark/Steel Kingambit
58%
Poppy SV Fairy/Steel Tinkaton
58%
Rika SV Ground/Poison Clodsire
57%
Acerola SM Ghost/Grass Dhelmise
57%
Larry SV Grass/Flying Tropius
56%
Rika SV Ground Dugtrio
54%
Bertha DP Rock Sudowoodo
54%
Koga HGSS Poison Swalot
54%
Geeta SV Ice Avalugg
53%
Hassel SV Grass/Dragon Flapple
53%
Wikstrom XY Rock/Steel Probopass
53%
Olivia SM Rock/Steel Probopass
53%
Poppy SV Steel/Flying Corviknight
52%
Larry SV Fighting/Flying Flamigo
52%
Hassel SV Steel/Dragon Duraludon
51%
Leon Swsh Water/Ground Seismitoad
51%
Malva XY Fire Torkoal
51%
Geeta SV Water/Psychic Veluza
51%
Geeta SV Psychic Espathra
50%
Sidney ORAS Dark Zoroark
50%
Hau USUM Normal Tauros
49%
Larry HT Normal Tauros
49%
Will HGSS Psychic Grumpig
47%
Olivia SM Water/Rock Relicanth
47%
Rika HT Grass/Ground Torterra
47%
Olivia USUM Rock Gigalith
46%
Poppy HT Rock/Steel Bastiodon
44%
Geeta SV Grass Gogoat
44%
Poppy SV Steel Copperajah
41%
Cynthia BDSP Normal Porygon-Z
41%
Rika SV Ground Donphan
37%
Geeta SV Grass/Fighting Chesnaught
36%
Larry HT Normal Dudunsparce
34%
Larry HT Normal Oinkologne
20%
Molayne USUM Ground/Steel Alolan Dugtrio
18%
No matching quizzes found
Score Distribution
Percent of People with Each Score
Percentile by Number Answered
Your Score History
You have not taken this quiz since the last reset